Our independence and the constitution / (Record no. 8627)
[ view plain ]
| 000 -LEADER | |
|---|---|
| fixed length control field | 01368cam a2200361 a 4500 |
| 001 - CONTROL NUMBER | |
| JCCL Control Number | 8627 |
| 003 - CONTROL NUMBER IDENTIFIER | |
| JCCL marc code | BD-JhCC |
| 005 - DATE AND TIME OF LATEST TRANSACTION | |
| control field | 20180228100022.0 |
| 008 - FIXED-LENGTH DATA ELEMENTS--GENERAL INFORMATION | |
| fixed length control field | 870220r19871950nyu j 000 0 eng |
| 020 ## - INTERNATIONAL STANDARD BOOK NUMBER | |
| International Standard Book Number | 0394891759 : |
| Terms of availability | $2.95 |
| 020 ## - INTERNATIONAL STANDARD BOOK NUMBER | |
| International Standard Book Number | 0394903056 (lib. bdg.) : |
| Terms of availability | $7.99 |
| 035 ## - SYSTEM CONTROL NUMBER | |
| system control number | (BD-JhCC)8627 |
| 040 ## - CATALOGING SOURCE | |
| Original cataloging agency | DLC |
| Transcribing agency | DLC |
| Modifying agency | DLC |
| -- | BD-JhCC |
| 041 ## - LANGUAGE CODE | |
| Language code of Book | eng |
| 050 00 - LIBRARY OF CONGRESS CALL NUMBER | |
| Classification number | E221 |
| Item number | .F57 1987 |
| 082 00 - DEWEY DECIMAL CLASSIFICATION NUMBER | |
| Classification number | 973.3/13 |
| DDC Edition number | 19 |
| Author mark and Year | FIS 1987 |
| 100 1# - MAIN ENTRY--PERSONAL NAME | |
| Personal name | Fisher, Dorothy Canfield, |
| Dates associated with a name | 1879-1958. |
| 245 10 - TITLE STATEMENT | |
| Title | Our independence and the constitution / |
| Statement of responsibility, etc | Dorothy Canfield Fisher. |
| 260 ## - PUBLICATION, DISTRIBUTION, ETC. (IMPRINT) | |
| Place of publication, distribution, etc | New York : |
| Name of publisher, distributor, etc | Random House, |
| Date of publication, distribution, etc | [1987], c1978. |
| 300 ## - PHYSICAL DESCRIPTION | |
| Pagination | 147 p. ; |
| Dimensions | 22 cm. |
| 490 0# - SERIES STATEMENT | |
| Series statement | Landmark books |
| 500 ## - GENERAL NOTE | |
| General note | Reprint. Originally published: New York : Random House, 1950. |
| 520 ## - SUMMARY, ETC. | |
| Summary, etc | Portrays the writing of the Declaration of Independence and the formation of the Constitution through the eyes of one Philadelphia family. |
| 610 10 - SUBJECT ADDED ENTRY--CORPORATE NAME | |
| Corporate name or jurisdiction name as entry element | United States. |
| 610 11 - SUBJECT ADDED ENTRY--CORPORATE NAME | |
| Corporate name or jurisdiction name as entry element | United States. |
| 650 #0 - SUBJECT ADDED ENTRY--TOPICAL TERM | |
| Topical term or geographic name as entry element | Constitutions |
| Geographic subdivision | United States |
| Form subdivision | Juvenile literature. |
| 650 #0 - SUBJECT ADDED ENTRY--TOPICAL TERM | |
| Topical term or geographic name as entry element | Constitutional history |
| Geographic subdivision | United States |
| Form subdivision | Juvenile literature. |
| 650 #1 - SUBJECT ADDED ENTRY--TOPICAL TERM | |
| Topical term or geographic name as entry element | Constitutional history |
| Geographic subdivision | United States. |
| 651 #0 - SUBJECT ADDED ENTRY--GEOGRAPHIC NAME | |
| Geographic name | United States |
| General subdivision | Politics and government |
| Chronological subdivision | 1775-1783 |
| Form subdivision | Juvenile literature. |
| 651 #1 - SUBJECT ADDED ENTRY--GEOGRAPHIC NAME | |
| Geographic name | United States |
| General subdivision | Politics and government |
| Chronological subdivision | 1775-1783. |
| 942 ## - ADDED ENTRY ELEMENTS (KOHA) | |
| Source of classification or shelving scheme | Dewey Decimal Classification |
| Koha item type | Books |
| Source of classification or shelving scheme | Damaged status | Not for loan | Home library | Current library | Shelving location | Total Checkouts | Full call number | Barcode | Date last seen | Copy number | Koha item type |
|---|---|---|---|---|---|---|---|---|---|---|---|
| Dewey Decimal Classification | JCC Rouf Library | JCC Rouf Library | General Stacks | 973.3/13 FIS 1987 | 9318 | 02/28/2018 | C - 1 | Books |